Ordenanzas municipales de la ciudad de Barcelona / Ayuntamiento de Barcelona
Descripción Física:
647 p., 1 map. pleg. ; 25 cm
Materias:
Ordenances municipals -- Barcelona
MARC
| LEADER | 00000nam a2200000Ia 4500 | ||
|---|---|---|---|
| 001 | 10373 | ||
| 008 | 160829s1947 xx 000 0 cat d | ||
| 080 | |a M-2-363 | ||
| 110 | 1 | |a Barcelona (Catalunya). |b Ajuntament |9 50981 | |
| 245 | |a Ordenanzas municipales de la ciudad de Barcelona / Ayuntamiento de Barcelona | ||
| 260 | |a Barcelona : |b [l'Ajuntament], |c 1947 | ||
| 300 | |a 647 p., 1 map. pleg. ; |c 25 cm | ||
| 650 | |a Ordenances municipals |x Barcelona |9 20439 | ||
| 901 | |a Arxiu | ||
| 942 | |n 1 | ||
| 952 | |0 0 |1 0 |4 0 |6 M2363 |7 1 |9 41531 |a Arxiu |b Arxiu |d 2016-12-01 |l 0 |o M-2-363 |p 10373 |r 2016-12-01 00:00:00 |w 2016-12-01 |y ARXIU | ||
| 999 | |c 43421 |d 43421 | ||